000 00558nam a2200193Ia 4500
003 GCL
008 140319s9999 xx 000 0 ara d
040 _aGCL /
_cGCL
082 0 4 _aد
_b071.962
_bع م
100 1 _aعبدالله النديم
245 1 0 _aمجلة الاستاذ /
_cعبدالله النديم
260 _a[S.N] :
_bدار كتبخانة
300 _aمتعدد
490 _aحكايات جميلة والوان بهيجة
_v0
650 0 4 _aالادب
650 0 4 _aالسياسة
650 0 4 _aالثقافة
942 _2ddc
_cCF
999 _c26945
_d26945